[Event "Let's Play Chess!"]
[Site "http://www.queenalice.com/game.php?id=1105715"]
[Date "2012.9.23"]
[Round "-"]
[White "mickke"]
[Black "cnantes"]
[Result "1-0"]
[WhiteElo "1812"]
[BlackElo "1100"]

1. c4 e5 2. Nc3 f5 3. e3 Nc6 4. g3 b6 5. Bg2 Qf6 6. b3 Nb4 7. Bxa8 f4 8. Nd5
Nd3+ 9. Ke2 Qf5 10. Nxc7+ Kd8 11. e4 f3+ 12. Kxd3 Kxc7 13. exf5 Bb7 14. Bxb7
Kxb7 15. Qxf3+ Kc7 16. Bb2 Bd6 17. Re1 Ne7 18. Bxe5 Bxe5 19. Rxe5 Kd6 20. Qf4
1-0

[Event "AUTO-OPEN-2798"]
[Site "http://www.queenalice.com/game.php?id=1105745"]
[Date "2012.9.23"]
[Round "1"]
[White "cnantes"]
[Black "TITAN10"]
[Result "0-1"]
[WhiteElo "1073"]
[BlackElo "1707"]

1. e4 c5 2. Nf3 d6 3. d4 cxd4 4. Nxd4 Nc6 5. Nc3 Nf6 6. Be2 a6 7. O-O e5 8. Nf5
Bxf5 9. exf5 Nd4 10. Bg5 Be7 11. Qd2 h6 12. Bxf6 Bxf6 13. f4 Nxf5 14. fxe5 Bg5
15. Qd5 g6 16. e6 f6 17. Qxb7 O-O 18. Bg4 Ne7 0-1

[Event "AUTO-OPEN-2798"]
[Site "http://www.queenalice.com/game.php?id=1105746"]
[Date "2012.9.23"]
[Round "1"]
[White "TITAN10"]
[Black "cnantes"]
[Result "1-0"]
[WhiteElo "1764"]
[BlackElo "1073"]

1. f4 d5 2. e3 Nc6 3. Nc3 e5 4. fxe5 Nxe5 5. Nf3 Bg4 6. Be2 Bc5 7. d4 Bd6 8.
dxe5 Bb4 9. Bd2 f6 10. exf6 Nxf6 11. h3 Bh5 12. O-O Ne4 13. Nxe4 dxe4 14. Nd4
Bxe2 15. Qxe2 Rf8 16. Bxb4 Rxf1+ 17. Rxf1 Qd5 18. Rf8+ 1-0

[Event "...You hear me?"]
[Site "http://www.queenalice.com/game.php?id=1105836"]
[Date "2012.9.24"]
[Round "-"]
[White "cnantes"]
[Black "Elafsson"]
[Result "0-1"]
[WhiteElo "1073"]
[BlackElo "2068"]

1. e4 e5 2. Nf3 Nc6 3. Bc4 Nf6 4. c3 d6 5. O-O Bg4 6. h3 Bh5 7. d4 exd4 8. cxd4
Bxf3 9. Qxf3 Nxd4 10. Qd3 Ne6 11. Be3 Be7 12. Bxe6 fxe6 0-1

[Event "Let's Play Chess!"]
[Site "http://www.queenalice.com/game.php?id=1154684"]
[Date "2013.2.23"]
[Round "-"]
[White "magalhaes_br"]
[Black "cnantes"]
[Result "1-0"]
[WhiteElo "1377"]
[BlackElo "1073"]

1. e4 e5 2. Nf3 Nc6 3. Bc4 Bc5 4. Qe2 Nf6 5. d3 O-O 6. Nc3 Nd4 7. Nxd4 Bxd4 8.
Na4 d5 9. exd5 Nxd5 10. c3 Bd7 11. cxd4 Bxa4 12. Qxe5 1-0

[Event "Challenge"]
[Site "http://www.queenalice.com/game.php?id=1155000"]
[Date "2013.2.23"]
[Round "-"]
[White "Frankone"]
[Black "cnantes"]
[Result "1-0"]
[WhiteElo "1480"]
[BlackElo "1087"]

1. e4 c5 2. Bc4 Nc6 3. Qf3 Ne5 4. Qc3 Nxc4 5. Qxc4 e5 6. Nf3 Nf6 7. Nxe5 Nxe4 8.
Nxf7 Nd6 9. Nxd6+ Bxd6 10. Qe4+ Qe7 11. Nc3 O-O 12. O-O Qe5 13. f4 Rxf4 14. Rxf4
Qxf4 15. Qe8+ Bf8 16. Nd5 Qd4+ 17. Ne3 d5 18. c3 1-0

[Event "Let's Play Chess! 2013-6"]
[Site "http://www.queenalice.com/game.php?id=1155024"]
[Date "2013.2.24"]
[Round "-"]
[White "elrey"]
[Black "cnantes"]
[Result "1-0"]
[WhiteElo "2165"]
[BlackElo "1066"]

1. d4 Nf6 2. c4 g6 3. Nc3 Bg7 4. e4 O-O 5. Nf3 d6 6. Be2 e5 7. Be3 Ng4 8. Bg5 f6
9. Bc1 Be6 10. h3 exd4 11. Nxd4 Ne5 12. Nxe6 Qe7 13. Nxf8 Qxf8 14. Qd5+ Kh8 15.
Qxb7 Nbc6 16. f4 Rb8 17. Qxc7 Nd4 18. fxe5 1-0

[Event "AUTO-BEG-574"]
[Site "http://www.queenalice.com/game.php?id=1156374"]
[Date "2013.2.28"]
[Round "1"]
[White "cnantes"]
[Black "slashberg"]
[Result "1-0"]
[WhiteElo "1050"]
[BlackElo "1238"]

1. e4 e5 2. Nf3 Nc6 3. Bc4 Nh6 4. d4 Qh4 5. Nxh4 d6 6. Bxh6 gxh6 7. dxe5 Nxe5 8.
O-O Nxc4 9. Qd4 Bg7 10. Qxg7 Rf8 11. Na3 Be6 12. e5 Nxe5 13. f4 Nc6 14. Qf6 Bd5
15. Nb5 Kd7 16. g4 Rg8 17. g5 Rae8 18. Rae1 hxg5 19. fxg5 Nb4 20. Rxe8 Rxe8 21.
Qc3 Re4 22. Qxc7+ Ke6 23. Rf6+ Ke5 24. Qe7+ Be6 25. Qxd6# 1-0

[Event "AUTO-BEG-574"]
[Site "http://www.queenalice.com/game.php?id=1156375"]
[Date "2013.2.28"]
[Round "1"]
[White "slashberg"]
[Black "cnantes"]
[Result "1-0"]
[WhiteElo "1229"]
[BlackElo "1066"]

1. e4 e5 2. Nf3 Nc6 3. d4 Nf6 4. Bc4 Nxe4 5. dxe5 Bc5 6. Qd5 O-O 7. Qxe4 Qe7 8.
Bd3 g6 9. Bh6 d5 10. Qxd5 Be6 11. Qe4 Rfd8 12. Ng5 Rd4 13. Qf3 Rg4 14. h4 f6 15.
exf6 Qxf6 16. Qxf6 Bf8 17. Bxf8 Rxf8 18. Qxe6+ 1-0

[Event "AUTO-BEG-574"]
[Site "http://www.queenalice.com/game.php?id=1156376"]
[Date "2013.2.28"]
[Round "1"]
[White "cnantes"]
[Black "bouley"]
[Result "0-1"]
[WhiteElo "1087"]
[BlackElo "1628"]

1. e4 Nc6 2. Nf3 e5 3. Bc4 Nf6 4. Ng5 d5 5. exd5 Nxd5 6. Nxf7 Kxf7 7. Qf3+ Qf6
8. Bxd5+ Be6 9. Bxe6+ Kxe6 10. Qb3+ Kd7 11. Qxb7 Bc5 12. O-O Rhf8 13. h3 Bxf2+
14. Kh1 Rab8 15. Qxb8 Nxb8 16. d3 Qe7 17. Nd2 Be3 18. Rxf8 Qxf8 19. Nc4 Qf1+ 20.
Kh2 Qf4+ 21. g3 Qf2+ 0-1

[Event "AUTO-BEG-574"]
[Site "http://www.queenalice.com/game.php?id=1156377"]
[Date "2013.2.28"]
[Round "1"]
[White "bouley"]
[Black "cnantes"]
[Result "1-0"]
[WhiteElo "1837"]
[BlackElo "1086"]

1. d4 Nf6 2. c4 g6 3. Nc3 Bg7 4. Nf3 O-O 5. Bf4 d6 6. e3 Bg4 7. Be2 c5 8. O-O
cxd4 9. exd4 d5 10. Ne5 Bxe2 11. Qxe2 Nc6 12. Nxc6 bxc6 13. Be5 a5 14. a4 dxc4
15. Qxc4 Ng4 16. Bxg7 Kxg7 17. h3 Ne5 18. dxe5 Qd2 19. b3 Rfd8 20. Rad1 Qb2 21.
Rxd8 Rxd8 22. Qxc6 Qxb3 23. Nb5 Qxa4 24. Na7 Qxc6 25. Nxc6 Rd5 26. Ra1 Rc5 27.
Nxa5 Rxe5 28. Nc4 Re4 29. Ne3 f5 30. g3 f4 31. gxf4 Rxf4 32. Ra7 Kf7 33. Kg2 h5
34. Kg3 g5 35. Nd5 h4+ 36. Kg2 Re4 37. Kf3 Re5 38. Ne3 Kf6 39. Ng4+ Kf5 40. Nxe5
Kxe5 41. Rxe7+ Kf6 42. Ra7 Kg6 43. Kg4 Kf6 44. Ra5 1-0